Manual del Cabeza de Barangay en castellano y en tagalog / (Record no. 160204)

MARC details
000 -LEADER
campo de control de longitud fija 00883nam a2200217 i 4500
001 - NÚMERO DE CONTROL
campo de control 160204
003 - IDENTIFICADOR DE NÚMERO DE CONTROL
campo de control ES-MaACL
005 - FECHA Y HORA DE LA ÚLTIMA TRANSACCIÓN
campo de control 20230906211950.0
008 - DATOS DE LONGITUD FIJA--INFORMACIÓN GENERAL
campo de control de longitud fija 040922s1874 phl |||| | spa d
100 1# - ENTRADA PRINCIPAL--NOMBRE DE PERSONA
Nombre de persona Moreno y Diez, Rafael.
9 (RLIN) 130180
245 10 - MENCIÓN DEL TÍTULO
Título Manual del Cabeza de Barangay en castellano y en tagalog /
Mención de responsabilidad, etc. por Rafael Moreno y Diez.
250 ## - MENCION DE EDICION
Mención de edición 2ª ed.
260 ## - PUBLICACIÓN, DISTRIBUCIÓN, ETC.
Lugar de publicación, distribución, etc. Manila :
Nombre del editor, distribuidor, etc. Librería de la Fé,
Fecha de publicación, distribución, etc. 1874 (
Fabricante Imp. "Amigos del Pais")
300 ## - DESCRIPCIÓN FÍSICA
Extensión 127 p. ;
Dimensiones 20 cm.
530 ## - NOTA DISPONIBLE DE FORMULARIO FÍSICO ADICIONAL
Nota de formato físico adicional disponible Disponible en formato digital.
596 ## - NOTA AL PIE DE IMPRENTA
NOTA AL PIE DE IMPRENTA El ed. consta en la cub. original posterior.
597 ## - NOTA DE DESCRIPCIÓN FÍSICA
NOTA DE DESCRIPCIÓN FÍSICA Texto paralelo en español y tagalo.
650 #4 - PUNTO DE ACCESO ADICIONAL DE MATERIA--TÉRMINO DE MATERIA
Término de materia o nombre geográfico como elemento de entrada Impuestos-
Subdivisión geográfica Filipinas.
9 (RLIN) 153426
852 ## - LOCALIZACIÓN
Ubicación ES-MaACL
Número de control de estantería T-577-F-3
Nota libre - Enc. hol., conservando cub. original
-- - Enc. en un vol. facticio
856 ## - LOCALIZACIÓN Y ACCESO ELECTRÓNICOS
Identificador Uniforme de Recursos <a href="http://bdh-rd.bne.es/viewer.vm?id=0000128594&page=1 ">http://bdh-rd.bne.es/viewer.vm?id=0000128594&page=1 </a>
Nota pública Biblioteca Digital Hispánica
Holdings
Estatus retirado Estado de pérdida Estado de daño No para préstamo Colección Biblioteca de origen Biblioteca actual Ubicación en estantería Fecha de adquisición Total de préstamos Signatura topográfica completa Código de barras Visto por última vez Precio de reemplazo Tipo de ítem Koha
        Colección de folletos Biblioteca del Ateneo de Madrid Biblioteca del Ateneo de Madrid Depósito folletos 17/01/2008   T-577-F-3 1167730 23/02/2023 23/02/2023 Folleto